书目信息 |
| 题名: |
逻辑的力量
|
|
| 作者: | 雷曼 著 ;杨武金 译 | |
| 分册: | ||
| 出版信息: | 北京 中国人民大学出版社 2010 |
|
| 页数: | 330页 | |
| 开本: | 24cm | |
| 丛书名: | ||
| 单 册: | ||
| 中图分类: | B81-49 | |
| 科图分类: | ||
| 主题词: | 逻辑--通俗读物 , 逻辑 | |
| 电子资源: | ||
| ISBN: | 978-7-300-12294-6 | |
| 000 | 01089nam0 2200301 450 | |
| 001 | 523 | |
| 005 | 20140905085834.92 | |
| 010 | @a978-7-300-12294-6@dCNY39.00 | |
| 100 | @a20110106d2010 em y0chiy50 ea | |
| 101 | 1 | @achi@ceng |
| 102 | @aCN@b110000 | |
| 105 | @ay z 000yy | |
| 106 | @ar | |
| 200 | 1 | @a逻辑的力量@ALuo Ji De Li Liang@dThe power of logic@f斯蒂芬·雷曼(C. Stephen Layman)著@FSi Di Fen· Lei Man (C. Stephen Layman) Zhu@g杨武金译@zeng |
| 210 | @a北京@c中国人民大学出版社@d2010 | |
| 215 | @a330页@d24cm | |
| 300 | @a妙趣横生的通识读本 第二辑 | |
| 305 | @a据原书第3版译出 | |
| 306 | @a由中国人民大学出版社和美国麦格劳-希尔教育(亚洲)出版公司合作出版 | |
| 330 | @a本书内容包括:识别论证;逻辑和语言;非形式谬误;词项逻辑:直接推理;词项逻辑:三段论;命题逻辑:真值表等。 | |
| 510 | 1 | @aPower of logic@zeng |
| 606 | 0 | @a逻辑@j通俗读物 |
| 606 | 0 | @a逻辑 |
| 690 | @aB81-49@v5 | |
| 701 | 0 | @c(美)@a雷曼@ALei Man@c(Layman, C. Stephen)@4著 |
| 702 | 0 | @a杨武金@AYang Wu Jin@f(1964~)@4译 |
| 801 | 0 | @aCN@bTANGWEI@c20140603 |
| 905 | @b0841988-90@dB81-49@e238@f3 | |
| 逻辑的力量=The power of logic/斯蒂芬·雷曼(C. Stephen Layman)著/杨武金译.-北京:中国人民大学出版社,2010 |
| 330页;24cm |
| 妙趣横生的通识读本 第二辑 |
| ISBN 978-7-300-12294-6:CNY39.00 |
| 本书内容包括:识别论证;逻辑和语言;非形式谬误;词项逻辑:直接推理;词项逻辑:三段论;命题逻辑:真值表等。 |
| ● |
| 相关链接 |
|
|
|
|
正题名:逻辑的力量
索取号:B81-49/238
 
预约/预借
| 序号 | 登录号 | 条形码 | 馆藏地/架位号 | 状态 | 备注 |
| 1 | 0841988 | 208419889 | 第一样本阅览室/ [索取号:B81-49/238] | 在馆 | |
| 2 | 0841989 | 208419898 | 密集书库-物理学院/ [索取号:B81-49/238] | 在馆 | |
| 3 | 0841990 | 208419905 | 第一借阅区/ [索取号:B81-49/238] | 在馆 |